[Event "Dortmund op"]
[Site "Dortmund"]
[Date "1988.??.??"]
[Round "?"]
[White "Polajzer, Danilo"]
[Black "Anka, Emil"]
[Result "1/2-1/2"]
[WhiteElo "2340"]
[BlackElo "2300"]

1.d4 Nf6 2.c4 g6 3.Nc3 d5 4.cxd5 Nxd5 5.e4 Nxc3 6.bxc3 Bg7 7.Bc4 c5 8.Ne2 O-O
9.O-O Nc6 10.Be3 Bg4 11.f3 Na5 12.Bxf7+ Rxf7 13.fxg4 Rxf1+ 14.Kxf1 Qd6 15.Kg1 Rd8
16.Qa4 Qa6 17.Re1 Qd3 18.Bf2 Nc4 19.Qb5 Rf8 20.Qb1 Qd2 21.Qb3 b5 22.Qxb5 Ne3
23.h3 Nc2 24.Rf1 Bh6 25.Ng3 Ne3 26.Bxe3 Bxe3+ 27.Kh2 Bf2 28.Nh1 Qf4+ 29.g3 Qd2
30.Nxf2 Rxf2+ 31.Rxf2 Qxf2+ 32.Kh1 Qf3+ 33.Kh2 Qf2+ 34.Kh1  1/2-1/2

[Event "Dortmund op"]
[Site "Dortmund"]
[Date "1988.??.??"]
[Round "?"]
[White "Hertneck, Gerald"]
[Black "Anka, Emil"]
[Result "1-0"]
[WhiteElo "2465"]
[BlackElo "2300"]

1.d4 Nf6 2.c4 g6 3.Nc3 d5 4.cxd5 Nxd5 5.e4 Nxc3 6.bxc3 Bg7 7.Bc4 c5 8.Ne2 O-O
9.Be3 Nc6 10.O-O Qc7 11.Qd2 Rd8 12.Rac1 Na5 13.Bd3 b6 14.Bh6 e6 15.e5 Bb7
16.Ng3 Qe7 17.Qe3 cxd4 18.cxd4 Rac8 19.h4 f6 20.Bxg7 Qxg7 21.exf6 Qxf6 22.h5 Kg7
23.Ne2 Bd5 24.hxg6 hxg6 25.Nf4 Nc4 26.Qg3 Rh8 27.Nxg6 Rh6 28.Ne5+ Kh8 29.Ng4 Qh4
30.Nxh6 Qxh6 31.Bxc4 Bxg2 32.Kxg2 Rg8 33.Rh1  1-0

[Event "Dresden+"]
[Site "Dresden"]
[Date "1988.??.??"]
[Round "?"]
[White "Garcia Martinez, Silvino"]
[Black "Lanc, Alois"]
[Result "0-1"]
[WhiteElo "2405"]
[BlackElo "2435"]

1.d4 Nf6 2.c4 g6 3.Nc3 d5 4.cxd5 Nxd5 5.e4 Nxc3 6.bxc3 Bg7 7.Bc4 c5 8.Ne2 Nc6
9.Be3 O-O 10.O-O cxd4 11.cxd4 Na5 12.Bd3 b6 13.Qd2 Bb7 14.Rac1 e6 15.Bh6 Qd7
16.Bxg7 Kxg7 17.h4 Qe7 18.Qf4 Rac8 19.h5 Rfd8 20.e5 Rxc1 21.Rxc1 Rc8 22.Rxc8 Bxc8
23.Qg3 Qd8 24.Nf4 Qxd4 25.Qh4 Nc6 26.Bb5 Qa1+ 27.Kh2 Qxe5 28.Bxc6 g5 29.h6+  0-1

[Event "Eger op"]
[Site "Eger"]
[Date "1988.??.??"]
[Round "?"]
[White "Nylen, Anders"]
[Black "Rezsek, Gyozo"]
[Result "0-1"]
[WhiteElo "2320"]
[BlackElo "2200"]

1.d4 Nf6 2.c4 g6 3.Nc3 d5 4.cxd5 Nxd5 5.e4 Nxc3 6.bxc3 Bg7 7.Nf3 O-O 8.Be2 c5
9.Rb1 Qc7 10.O-O Rd8 11.Be3 Nc6 12.Qd2 Bg4 13.d5 Na5 14.Bf4 Qc8 15.Ne5 Bxe2
16.Qxe2 e6 17.c4 exd5 18.cxd5 Re8 19.Nc4 Nxc4 20.Qxc4 Bd4 21.Qd3 Qg4 22.g3 g5
23.Bd2 Rxe4 24.Bxg5 Rae8 25.Qd2 R4e5 26.Bf4 Rh5 27.Kh1 Re2 28.Qd3 Qh3 29.g4 Qxd3
30.gxh5 Qf3+  0-1

[Event "Eger op"]
[Site "Eger"]
[Date "1988.??.??"]
[Round "?"]
[White "Gruenberg, Hans Ulrich"]
[Black "Vujacic, Borivoje"]
[Result "1-0"]
[WhiteElo "2465"]
[BlackElo "2330"]

1.d4 Nf6 2.c4 g6 3.Nc3 d5 4.cxd5 Nxd5 5.e4 Nxc3 6.bxc3 Bg7 7.Ba3 O-O 8.Nf3 b6
9.Be2 c5 10.O-O Bb7 11.Qd3 cxd4 12.cxd4 Qd7 13.Rac1 Rd8 14.Rfd1 e6 15.Qe3 Na6
16.Qb3 Rdc8 17.Bb5 Qd8 18.Qa4 Rxc1 19.Rxc1 Nc7 20.Bc6 Bxc6 21.Qxc6 Ne8 22.d5 exd5
23.exd5 Bf8 24.Bxf8 Kxf8 25.d6 Nxd6 26.Rd1 Ke7 27.Qd5 f6 28.Nd4  1-0

[Event "Eindhoven op"]
[Site "Eindhoven"]
[Date "1988.??.??"]
[Round "?"]
[White "Douven, Rudy C"]
[Black "Peek, Marcel"]
[Result "1-0"]
[WhiteElo "2410"]
[BlackElo "2345"]

1.d4 Nf6 2.c4 g6 3.Nc3 d5 4.cxd5 Nxd5 5.e4 Nxc3 6.bxc3 Bg7 7.Bc4 O-O 8.Ne2 b6
9.O-O Bb7 10.Qd3 Nc6 11.a4 Na5 12.Ba2 c5 13.Bg5 Qd7 14.f4 cxd4 15.f5 Nc6
16.Nf4 Ne5 17.Qg3 Qd6 18.Nh5 gxh5 19.Bxe7 Qh6 20.f6 Qe3+ 21.Qxe3 dxe3 22.fxg7 Rfe8
23.Bf6 Bxe4 24.Bxe5 Rxe5 25.Rxf7 Bd5 26.Re7 Bxa2 27.Rxe5 Bf7 28.Rf1  1-0

[Event "Eindhoven op"]
[Site "Eindhoven"]
[Date "1988.??.??"]
[Round "?"]
[White "Blees, Albert"]
[Black "Vanheste, Jeroen"]
[Result "1/2-1/2"]
[WhiteElo "2390"]
[BlackElo "2370"]

1.d4 Nf6 2.c4 g6 3.Nc3 d5 4.cxd5 Nxd5 5.e4 Nxc3 6.bxc3 Bg7 7.Bc4 c5 8.Ne2 O-O
9.O-O Nc6 10.Be3 Qc7 11.Rb1 a6 12.a4 e6 13.Qc1 Na5 14.Bd3 Bd7 15.Qa3 Rfc8
16.d5 exd5 17.exd5 c4 18.Bc2 Bf8 19.Qb2 Bc5 20.Bxc5 Qxc5 21.Ng3 f5 22.Rbd1 Re8
23.Qc1 Re5 24.Qf4 Rae8 25.h4 Qe7 26.Kh2 b5 27.axb5 axb5 28.Rd4 Nb7 29.Ra1 Qd6
30.h5 Rxd5 31.hxg6 hxg6 32.Qg5 Rxd4 33.cxd4 Nd8 34.Ra7 Re7 35.Bxf5 Rh7+ 36.Kg1 Bxf5
37.Ra8 Qe7 38.Rxd8+ Kf7 39.Qxe7+ Kxe7 40.Rb8 Bd7 41.f3 c3 42.Ne2 c2 43.Ra8 Kd6
44.Ra2 Bf5 45.Nc1 Rc7 46.g4 Bd7 47.Kf2 b4 48.Ke2 Rc6 49.Kd2 b3 50.Nxb3 Be6
51.Rxc2 Bxb3 52.Rxc6+ Kxc6 53.Ke3  1/2-1/2

[Event "Frunze"]
[Site "Frunze"]
[Date "1988.??.??"]
[Round "?"]
[White "Timoshchenko, Gennadi A"]
[Black "Ivanchuk, Vassily"]
[Result "1/2-1/2"]
[WhiteElo "2455"]
[BlackElo "2625"]

1.d4 Nf6 2.c4 g6 3.Nc3 d5 4.cxd5 Nxd5 5.e4 Nxc3 6.bxc3 Bg7 7.Bc4 c5 8.Ne2 O-O
9.O-O Nc6 10.Be3 Bg4 11.f3 Na5 12.Bd3 cxd4 13.cxd4 Be6 14.Rc1 Bxa2 15.Qa4 Be6
16.d5 Bd7 17.Qb4 e6 18.Nc3 exd5 19.exd5 Re8 20.Bf2 b6 21.Bh4 Bf8 22.d6 Nc6  1/2-1/2

[Event "Geneve"]
[Site "Geneve"]
[Date "1988.??.??"]
[Round "?"]
[White "Zueger, Beat"]
[Black "Kouatly, Bachar"]
[Result "0-1"]
[WhiteElo "2445"]
[BlackElo "2440"]

1.d4 Nf6 2.c4 g6 3.Nc3 d5 4.cxd5 Nxd5 5.e4 Nxc3 6.bxc3 Bg7 7.Bc4 c5 8.Ne2 O-O
9.O-O Nc6 10.Be3 Bg4 11.f3 Bd7 12.Rb1 Qc7 13.Bd3 a6 14.Qe1 b5 15.f4 cxd4
16.cxd4 e6 17.Rc1 Qb7 18.f5 exf5 19.exf5 Rfe8 20.Qf2 Nb4 21.fxg6 Nxd3 22.gxf7+ Kh8
23.fxe8=Q+ Rxe8 24.Qf3 Qxf3 25.Rxf3 Nxc1 26.Nxc1 Bc6 27.Rg3 Rxe3 28.Rxe3 Bxd4
29.Kf2 Bxg2 30.Nb3 Bxe3+ 31.Kxe3 Kg7 32.Kd4 Kf6 33.Kc5 Kg5 34.Kb6 Kg4 35.Kxa6 Kh3
36.Kxb5 Kxh2 37.Kc4 h5 38.Kd3 h4 39.Ke2 Kg3 40.Nd4 h3 41.Nf5+ Kf4 42.Ne3 h2  0-1

[Event "Geneve"]
[Site "Geneve"]
[Date "1988.??.??"]
[Round "?"]
[White "Zueger, Beat"]
[Black "Gobet, Fernand"]
[Result "1-0"]
[WhiteElo "2445"]
[BlackElo "2405"]

1.d4 Nf6 2.c4 g6 3.Nc3 d5 4.cxd5 Nxd5 5.e4 Nxc3 6.bxc3 Bg7 7.Bc4 O-O 8.Ne2 Nc6
9.Bd3 Na5 10.O-O c5 11.Be3 b6 12.Qd2 Bb7 13.Rac1 cxd4 14.cxd4 e6 15.h4 Qe7
16.h5 Rfc8 17.Bg5 Qa3 18.e5 Bd5 19.Nc3 Nc4 20.Bxc4 Rxc4 21.h6 Bf8 22.Nxd5 exd5
23.Rxc4 dxc4 24.d5 c3 25.Qd3 Qxa2 26.d6 Qe6 27.d7 Be7 28.Bxe7 Qxe7 29.Rd1 Rd8
30.Qxc3 b5 31.Rd6 b4 32.Qd4 b3 33.Qc3 a5 34.Qxa5 b2 35.Qb6 b1=Q+ 36.Qxb1 Qxe5
37.Qd1 Qg5 38.Rc6 Qxh6 39.Rc8 Qf8 40.Qc2 Qe7 41.Rxd8+  1-0

[Event "Bundesliga 8788"]
[Site "Germany"]
[Date "1988.??.??"]
[Round "?"]
[White "Kindermann, Stefan"]
[Black "Hort, Vlastimil"]
[Result "0-1"]
[WhiteElo "2500"]
[BlackElo "2590"]

1.d4 Nf6 2.c4 g6 3.Nc3 d5 4.cxd5 Nxd5 5.e4 Nxc3 6.bxc3 Bg7 7.Bc4 O-O 8.Ne2 c5
9.O-O Nc6 10.Be3 Qc7 11.Rc1 b6 12.Qd2 Bb7 13.Bh6 Rad8 14.Bxg7 Kxg7 15.Qe3 e5
16.Bd5 Na5 17.Bxb7 Qxb7 18.Ng3 Qe7 19.Rfd1 h5 20.dxe5 Nc4 21.Qe2 Nxe5 22.f4 Ng4
23.h3 Nh6 24.Qf3 Rxd1+ 25.Rxd1 Rd8 26.Rxd8 Qxd8 27.Nf1 Ng8 28.Qe2 h4 29.Ne3 Nf6
30.Nd5 Qd6 31.Nxf6 Qxf6 32.Qd2 b5 33.e5 Qf5 34.Qf2 c4 35.Qd4 Qb1+ 36.Kh2 Qd3
37.Qxa7 Qg3+ 38.Kh1 Qxc3 39.Qf2 Qg3 40.Qd4 Qd3 41.Qf2 Qg3 42.Qd4 Kh7 43.e6 Qe1+
44.Kh2 Qxe6 45.f5 Qxf5 46.Qxh4+ Kg7 47.Qd4+ Qf6 48.Qd5 Qf4+ 49.Kh1 Qc1+ 50.Kh2 Qf4+
51.Kh1 c3 52.Qxb5  0-1

[Event "Bundesliga 8788"]
[Site "Germany"]
[Date "1988.??.??"]
[Round "?"]
[White "Paulsen, Dirk"]
[Black "Doncevic, Dario"]
[Result "0-1"]
[WhiteElo "2375"]
[BlackElo "2360"]

1.d4 Nf6 2.c4 g6 3.Nc3 d5 4.cxd5 Nxd5 5.e4 Nxc3 6.bxc3 Bg7 7.Nf3 c5 8.Rb1 O-O
9.Be2 Nc6 10.d5 Ne5 11.Nxe5 Bxe5 12.Bd2 Qc7 13.Qc1 e6 14.f4 Bg7 15.c4 Re8
16.e5 f6 17.d6 Qd8 18.Qa3 fxe5 19.Qxc5 b6 20.Qa3 Bb7 21.O-O exf4 22.Bxf4 Bd4+
23.Kh1 e5 24.Bh6 Bc5 25.Qxc5 bxc5 26.Rxb7 Qh4 27.Bg7 Qe4 28.Bf3 Qxb7 29.Bxb7 Kxg7
30.Bxa8 Rxa8 31.Rb1 Rd8 32.Rb7+ Kf6 33.d7 a5 34.h3 Ke6 35.Rb6+ Kxd7 36.Ra6 e4
37.Rxa5 Kd6 38.Kg1 Rf8 39.Rb5 e3 40.Rb1 Ke5 41.a4 Kd4 42.a5 Kxc4 43.a6 e2
44.a7 Kd3 45.g3 c4 46.Kg2 Ra8  0-1

[Event "Groningen op"]
[Site "Groningen"]
[Date "1988.??.??"]
[Round "?"]
[White "Pliester, Leon"]
[Black "Witkowski, Stefan"]
[Result "1/2-1/2"]
[WhiteElo "2390"]
[BlackElo "2285"]

1.d4 Nf6 2.c4 g6 3.Nc3 d5 4.cxd5 Nxd5 5.e4 Nxc3 6.bxc3 Bg7 7.Bc4 c5 8.Ne2 cxd4
9.cxd4 Nc6 10.Be3 O-O 11.O-O Na5 12.Bd3 Nc6 13.Bc4 Na5 14.Bd3 Nc6 15.Bb5 Bd7
16.Rb1 e6 17.Ng3 a6 18.Be2 b5 19.e5 Ne7 20.Ne4 Bc6 21.Bf3 Bxe4 22.Bxe4 Nd5
23.Qd2 Rc8 24.Rb3 Nxe3 25.Qxe3 Rc4 26.Rd3 Qc7 27.f4 Qb6 28.d5 Qxe3+ 29.Rxe3 exd5
30.Bxd5 Rd4 31.Bb3 a5 32.e6 fxe6 33.Bxe6+ Kh8 34.f5 gxf5 35.Rxf5 Rd1+ 36.Kf2 Rxf5+
37.Bxf5 Bd4 38.Ke2 Bxe3 39.Kxd1 Bg1  1/2-1/2

[Event "Groningen op"]
[Site "Groningen"]
[Date "1988.??.??"]
[Round "?"]
[White "Estremera Panos, Sergio"]
[Black "Peek, Marcel"]
[Result "1/2-1/2"]
[WhiteElo "2340"]
[BlackElo "2345"]

1.d4 Nf6 2.c4 g6 3.Nc3 d5 4.cxd5 Nxd5 5.e4 Nxc3 6.bxc3 Bg7 7.Bc4 O-O 8.Ne2 b6
9.h4 Nc6 10.h5 Na5 11.Bd3 e5 12.d5 c6 13.hxg6 hxg6 14.c4 b5 15.cxb5 cxd5
16.Nc3 dxe4 17.Bxe4 Qxd1+ 18.Nxd1 Rb8 19.Ne3 Rxb5 20.Nd5 f5 21.Nc7 Rc5 22.Bd5+ Rf7
23.Bd2 Rxd5 24.Nxd5 Bb7 25.Bxa5 Bxd5 26.O-O e4 27.Rac1 Bxa2 28.Rc8+ Kh7 29.Bc3 Be6
30.Rc6 Bd7 31.Rc7 Bxc3 32.Rxc3 Bb5 33.Rfc1 a6 34.Rd1 g5  1/2-1/2

[Event "Groningen op"]
[Site "Groningen"]
[Date "1988.??.??"]
[Round "?"]
[White "Roeschlau, Bernd"]
[Black "Fette, Martin"]
[Result "1-0"]
[WhiteElo "2250"]
[BlackElo "2320"]

1.d4 Nf6 2.c4 g6 3.Nc3 d5 4.cxd5 Nxd5 5.e4 Nxc3 6.bxc3 Bg7 7.Bc4 c5 8.Ne2 Nc6
9.Be3 O-O 10.O-O Bg4 11.f3 Bd7 12.Rb1 Qc7 13.Bf4 e5 14.Bg3 cxd4 15.cxd4 Qd6
16.Bd5 Rab8 17.dxe5 Qc5+ 18.Bf2 Qe7 19.f4 g5 20.Rc1 gxf4 21.Bc5 Qxe5 22.Bd6 Qb2
23.Rb1 Qf6 24.Bxb8 Nxb8 25.Nxf4 b6 26.Nh5 Qd4+ 27.Qxd4 Bxd4+ 28.Kh1 Na6 29.Rb3 Nc5
30.Rg3+ Kh8 31.Rxf7 Rc8 32.Rgf3  1-0

[Event "Groningen op"]
[Site "Groningen"]
[Date "1988.??.??"]
[Round "?"]
[White "Roeschlau, Bernd"]
[Black "Van Mil, Johannes A J"]
[Result "0-1"]
[WhiteElo "2250"]
[BlackElo "2395"]

1.d4 Nf6 2.c4 g6 3.Nc3 d5 4.cxd5 Nxd5 5.e4 Nxc3 6.bxc3 Bg7 7.Bc4 c5 8.Ne2 Nc6
9.Be3 O-O 10.O-O Bd7 11.Rc1 Rc8 12.Qd2 Qa5 13.Qb2 Qc7 14.Qa3 Qb8 15.Rfd1 Rfd8
16.h3 b5 17.Rb1 b4 18.Qa6 cxd4 19.cxd4 Be8 20.a3 Rd6 21.Rdc1 Nxd4 22.Qxc8 Qxc8
23.Bxf7+ Kxf7 24.Rxc8 Nxe2+ 25.Kh2 bxa3 26.Rc2 a2 27.Rxa2 Nc3 28.Rbb2 Nxa2
29.Rxa2 a6 30.Rc2 Bd4 31.Bf4 Re6 32.g3 Rxe4 33.Rc4 Bb5 34.Rb4 Kf6 35.Kg2 e5
36.Be3 Bxe3 37.Rxe4 Bc6 38.Kf3 Bd4 39.g4 g5 40.Kg3 Bxe4 41.f4 exf4+ 42.Kh2 Bf2  0-1

[Event "Groningen op"]
[Site "Groningen"]
[Date "1988.??.??"]
[Round "?"]
[White "Serrer, Christoph"]
[Black "Van Mil, Johannes A J"]
[Result "0-1"]
[WhiteElo "2270"]
[BlackElo "2395"]

1.d4 Nf6 2.c4 g6 3.Nc3 d5 4.cxd5 Nxd5 5.e4 Nxc3 6.bxc3 Bg7 7.Nf3 c5 8.Be3 O-O
9.Rc1 Bg4 10.Be2 e6 11.d5 exd5 12.exd5 Nd7 13.c4 Nf6 14.h3 Bxf3 15.Bxf3 Ne8
16.O-O Rc8 17.Qa4 a6 18.d6 Nxd6 19.Rfd1 Qe7 20.Bf4 Nf5 21.Bg4 Qe4 22.Bd6 Nxd6
23.Rxd6 Bd4 24.Bxc8 Qf4 25.Rf1 Qxd6 26.Bxb7 Rb8 27.Qxa6 Qe7 28.Bf3 Rb2 29.Qa8+ Kg7
30.Qe4 Qa7 31.Qa8 Qc7 32.Qe4 Qa5 33.Qh4 Bxf2+ 34.Qxf2 Rxf2 35.Rxf2 Qe1+ 36.Rf1 Qe3+
37.Kh1 Qd3 38.Rc1 Qd2 39.Rf1 Qxa2 40.Bd5 f5 41.Rf3 Qe2 42.Kh2 Kf6 43.Kh1 Ke5
44.g3 g5 45.Kg1 h5 46.Rf2 Qe3 47.Kg2 Qd3 48.Rf3 Qe2+ 49.Rf2 Qd3 50.Rf3 Qd4
51.Rf2 h4 52.gxh4 Qxh4 53.Rf3 Qd4 54.Rf2 Qd3 55.Rf3 Qc2+ 56.Rf2 Qd1 57.Rf1 Qe2+
58.Rf2 Qd1 59.Rf1 Qc2+ 60.Rf2 Qd3 61.Rf3 Qd4 62.Rf2 Kf6 63.Rf1 Qd2+ 64.Rf2 Qd4
65.Rf3 Qe5 66.Rf2 Kg6 67.Bf3 Qd4 68.Bd5 Qe3 69.Rf1 Qe8 70.Rf2 Qc8 71.Bf3 Qd7
72.Rf1 Qd3 73.Bd5 Kh5 74.Rf3 Qe2+ 75.Kg1 Kh4 76.Rf2 Qe3 77.Kf1 Qxh3+ 78.Kg1 Qg3+
79.Kf1 Qd3+ 80.Kg1 g4  0-1

[Event "Groningen"]
[Site "Groningen"]
[Date "1988.??.??"]
[Round "?"]
[White "Lautier, Joel"]
[Black "Khalifman, Alexander"]
[Result "1/2-1/2"]
[WhiteElo "2365"]
[BlackElo "2530"]

1.d4 Nf6 2.c4 g6 3.Nc3 d5 4.cxd5 Nxd5 5.e4 Nxc3 6.bxc3 Bg7 7.Bc4 c5 8.Ne2 Nc6
9.Be3 O-O 10.O-O Qc7 11.Rb1 e6 12.Qc1 Bd7 13.Bh6 Na5 14.Bxg7 Kxg7 15.Bd3 cxd4
16.cxd4 Qxc1 17.Rfxc1 Rac8 18.f3 Rxc1+ 19.Rxc1 Rc8 20.Rxc8 Bxc8 21.Kf2  1/2-1/2

[Event "Groningen op"]
[Site "Groningen"]
[Date "1988.??.??"]
[Round "?"]
[White "Hansen, Lars Bo"]
[Black "Booij, Johan"]
[Result "1-0"]
[WhiteElo "2365"]
[BlackElo "2310"]

1.d4 Nf6 2.c4 g6 3.Nc3 d5 4.cxd5 Nxd5 5.e4 Nxc3 6.bxc3 Bg7 7.Bc4 O-O 8.Ne2 b6
9.h4 Nc6 10.Bd3 e5 11.d5 Na5 12.Ba3 c5 13.dxc6 Re8 14.Bb5 Qxd1+ 15.Rxd1 a6
16.Ba4 b5 17.Bb4 Nxc6 18.Bb3 Be6 19.Bxe6 Rxe6 20.Ba3 Na5 21.h5 Nc4 22.Bc1 Rd6
23.hxg6 hxg6 24.Rxd6 Nxd6 25.f3 Rd8 26.Ng3 Rc8 27.Kd2 Bf8 28.Kd3 Rc4 29.Re1 f6
30.Re2 Ra4 31.Nf1 Nb7 32.Rc2 Nc5+ 33.Ke2 Ne6 34.Kd1 Kf7 35.Bd2 Bc5 36.Kc1 f5
37.Ng3 Kf6 38.Kb1 f4 39.Nf1 b4 40.cxb4 Bxb4 41.Rc4 a5 42.Bc1 Nd4 43.a3 Rxa3
44.Bxa3 Bxa3 45.Rc8 Bb4 46.Ra8 Kg5 47.Ra6 Bc3 48.Nh2 Nb3 49.Ng4 Bd4 50.Kc2 Na1+
51.Kd3 Nb3 52.Kc4 Nc5 53.Rxa5 Nd7 54.Ra6 Nc5 55.Rc6 Nxe4 56.fxe4 Kxg4 57.Rxg6+ Kh4
58.Kd5 Kh5 59.Rg8  1-0

[Event "Groningen op"]
[Site "Groningen"]
[Date "1988.??.??"]
[Round "?"]
[White "Hansen, Lars Bo"]
[Black "Van Mil, Johannes A J"]
[Result "1-0"]
[WhiteElo "2365"]
[BlackElo "2395"]

1.d4 Nf6 2.c4 g6 3.Nc3 d5 4.cxd5 Nxd5 5.e4 Nxc3 6.bxc3 Bg7 7.Bc4 c5 8.Ne2 Nc6
9.Be3 O-O 10.Rc1 cxd4 11.cxd4 Qa5+ 12.Kf1 Bg4 13.f3 Bd7 14.h4 Rfd8 15.h5 e6
16.hxg6 hxg6 17.e5 Be8 18.Bg5 Rd7 19.f4 Nxd4 20.Nxd4 Qb6 21.Qf3 Qxd4 22.Qh3 f6
23.exf6 Bxf6 24.Bxe6+ Kf8 25.Bxd7 Bxd7 26.Qa3+ Ke8 27.Rh8+ Kf7 28.Qb3+ Kg7
29.Rxa8 Bxg5 30.Rg8+ Kh6 31.fxg5+ Kh5 32.Qf3+ Bg4 33.Qf2  1-0

[Event "Groningen op"]
[Site "Groningen"]
[Date "1988.??.??"]
[Round "?"]
[White "Caessens, Rob"]
[Black "Fette, Martin"]
[Result "1/2-1/2"]
[WhiteElo "2260"]
[BlackElo "2320"]

1.d4 Nf6 2.c4 g6 3.Nc3 d5 4.cxd5 Nxd5 5.e4 Nxc3 6.bxc3 Bg7 7.Nf3 c5 8.Be3 Qa5
9.Qd2 Nc6 10.Rc1 cxd4 11.cxd4 Qxd2+ 12.Kxd2 O-O 13.d5 Rd8 14.Ke1 Na5 15.Bg5 Bd7
16.Bd3 Rdc8 17.Ke2 e6 18.Rxc8+ Rxc8 19.Rc1 Rxc1 20.Bxc1 exd5 21.exd5 b5 22.Bf4 Kf8
23.Bd6+ Ke8 24.Ne5 Nb7 25.Bb8 a6 26.Nxd7 Kxd7 27.f4 Bf8 28.Be5 Nc5 29.Bc2 Be7
30.Ke3 f6 31.Bc3 Kd6 32.f5 g5 33.Kd4 Bd8 34.Be1 Bb6 35.Bg3+ Kd7 36.h3 Ne6+
37.Ke4 Nc5+ 38.Kd4 Ne6+ 39.Ke4 Nc5+  1/2-1/2

[Event "Hradec Kralove"]
[Site "Hradec Kralove"]
[Date "1988.??.??"]
[Round "8"]
[White "Palatnik, Semon"]
[Black "Stohl, Igor"]
[Result "1/2-1/2"]
[WhiteElo "2500"]
[BlackElo "2445"]

1.d4 Nf6 2.c4 g6 3.Nc3 d5 4.cxd5 Nxd5 5.e4 Nxc3 6.bxc3 Bg7 7.Bc4 O-O 8.Be3 Nc6
9.Nf3 e5 10.d5 Na5 11.Be2 b6 12.O-O c6 13.c4 f5 14.Bd2 fxe4 15.Ng5 cxd5 16.cxd5 Bf5
17.Ne6 Bxe6 18.dxe6 Nc6 19.Rc1 Nd4 20.Bb4 Re8 21.e7 Nxe2+ 22.Qxe2 Qd4 23.Rc4 Qd3
24.Qxe4 Qxe4 25.Rxe4 Bf6 26.Rfe1 Kf7  1/2-1/2

[Event "IND-ch"]
[Site "?"]
[Date "1988.??.??"]
[Round "?"]
[White "Hegde, Ravi Gopal"]
[Black "Anand, Viswanathan"]
[Result "1/2-1/2"]
[WhiteElo "2315"]
[BlackElo "2520"]

1.d4 Nf6 2.c4 g6 3.Nc3 d5 4.cxd5 Nxd5 5.e4 Nxc3 6.bxc3 Bg7 7.Bc4 O-O 8.Ne2 c5
9.Be3 Nc6 10.O-O cxd4 11.cxd4 Bg4 12.f3 Na5 13.Bb5 Bd7 14.Rb1 Bxb5 15.Rxb5 Nc4
16.Bf2 b6 17.Rb4 Rc8 18.Qa4 Na5 19.d5 Qe8 20.Nd4 Qxa4 21.Rxa4 Bxd4 22.Rxd4 Rfd8
23.Rfd1 f6 24.Be1 Nc4 25.Bb4 Kf7 26.Rc1 Ne5 27.Rdd1 Rxc1 28.Rxc1 Nd3 29.Rc4 Nxb4
30.Rxb4 Rc8 31.Rb2 f5 32.exf5 gxf5 33.Kf2 Kf6 34.Re2 Rc5 35.Re6+ Kf7 36.Re5 Rc2+
37.Kg3 f4+ 38.Kxf4 Rxg2 39.Rh5 Rxa2 40.Rxh7+ Kf6 41.Rh6+ Kg7 42.Rc6 b5 43.h4 Ra4+
44.Ke5 Ra3 45.Rc7 Kf8 46.h5 Rxf3  1/2-1/2

[Event "IND-ch"]
[Site "?"]
[Date "1988.??.??"]
[Round "?"]
[White "Ganesan, Sankar"]
[Black "Thipsay, Praveen Mahadeo"]
[Result "0-1"]
[WhiteElo "2270"]
[BlackElo "2420"]

1.d4 Nf6 2.c4 g6 3.Nc3 d5 4.cxd5 Nxd5 5.e4 Nxc3 6.bxc3 Bg7 7.Bc4 O-O 8.Ne2 Nc6
9.O-O b6 10.Be3 Bb7 11.Qd2 Na5 12.Bd3 c5 13.Bh6 cxd4 14.Bxg7 Kxg7 15.cxd4 Rc8
16.Rac1 Qd6 17.e5 Qd7 18.Qg5 Nc6 19.Rfd1 Nb4 20.Bb1 f6 21.Qg3 Nd5 22.Re1 f5
23.Nf4 e6 24.h4 Nxf4 25.Qxf4 Qe7 26.Re3 Bd5 27.Rg3 Kh8 28.Rg5 Rg8 29.f3 h6
30.Rg3 g5 31.hxg5 Rxg5 32.Kf2 Qg7 33.Rh1 Rxg3 34.Qxg3 Qxg3+ 35.Kxg3 Kg7 36.Rd1 b5
37.Kf2 b4 38.Ke2 a5 39.Kd2 Rc4 40.Kd3 Rc3+ 41.Ke2 Bc4+ 42.Ke1 f4 43.Kd2 Ra3
44.Rc1 Bxa2 45.Rc7+ Kf8  0-1

[Event "JUG-ch"]
[Site "?"]
[Date "1988.??.??"]
[Round "?"]
[White "Mukic, Josko"]
[Black "Nikolic, Zivoslav"]
[Result "0-1"]
[WhiteElo "2420"]
[BlackElo "2440"]

1.d4 Nf6 2.c4 g6 3.Nc3 d5 4.cxd5 Nxd5 5.e4 Nxc3 6.bxc3 Bg7 7.Bc4 O-O 8.Ne2 b6
9.h4 Ba6 10.Bxa6 Nxa6 11.h5 Qd7 12.hxg6 hxg6 13.f3 c5 14.Be3 cxd4 15.cxd4 Rac8
16.Qd2 Qa4 17.Nc3 Qa3 18.Rc1 Rc4 19.Kf2 Rfc8 20.Nb5 Qa4 21.Rxc4 Rxc4 22.Rc1 Qxb5
23.Qe2 Rb4 24.Rc8+ Kh7 25.Qe1 Rb1  0-1

[Event "POL-ch"]
[Site "Lublin"]
[Date "1988.??.??"]
[Round "8"]
[White "Twardon, Marian"]
[Black "Jasnikowski, Zbigniew"]
[Result "0-1"]
[WhiteElo "2350"]
[BlackElo "2445"]

1.d4 Nf6 2.c4 g6 3.Nc3 d5 4.cxd5 Nxd5 5.e4 Nxc3 6.bxc3 Bg7 7.Bc4 c5 8.Ne2 O-O
9.O-O Nc6 10.Be3 Qc7 11.Rc1 Rd8 12.Bf4 Qd7 13.d5 Na5 14.Bd3 b5 15.Rb1 a6
16.a4 bxa4 17.c4 Nb3 18.Bc2 a5 19.Bxb3 axb3 20.Qxb3 a4 21.Qa3 Ba6 22.Rfc1 e6
23.Be3 exd5 24.exd5 Rab8 25.Qa2 Rdc8 26.Nc3 Rb4 27.Rxb4 cxb4 28.Nxa4 Rxc4
29.Rxc4 Bxc4 30.Qxc4 Qxa4 31.h3 Qa1+ 32.Kh2 Qc3 33.Qb5 Be5+ 34.g3 Kg7 35.Bc5 b3
36.Qe8 Bxg3+ 37.fxg3 Qxc5 38.Qe5+ f6  0-1

[Event "POL-ch"]
[Site "Lublin"]
[Date "1988.??.??"]
[Round "12"]
[White "Twardon, Marian"]
[Black "Staniszewski, Piotr"]
[Result "1/2-1/2"]
[WhiteElo "2350"]
[BlackElo "2440"]

1.d4 Nf6 2.c4 g6 3.Nc3 d5 4.cxd5 Nxd5 5.e4 Nxc3 6.bxc3 Bg7 7.Bc4 c5 8.Ne2 O-O
9.O-O Nc6 10.Be3 Bg4 11.f3 Na5 12.Bd3 cxd4 13.cxd4 Be6 14.Rc1 Bxa2 15.Qa4 Be6
16.d5 Bd7 17.Qb4 b6 18.f4 Rc8 19.Nc3 Nb7 20.Ba6 Rc7 21.e5 Nc5 22.Be2 Qb8
23.Qa3 Rd8 24.Rfd1 Rcc8 25.Nb5 Bxb5 26.Bxb5 f6 27.e6 f5 28.Bc6 Qc7 29.Bd7 Rb8
30.g3 Qd6 31.Bc6 Qc7 32.Bxc5 bxc5 33.Qxc5 Qd6 34.Qxa7 Rb2 35.Qc5 Qxc5+ 36.Rxc5 Rb1
37.Rcc1 Rxc1 38.Rxc1 Bb2 39.Rc2 Ba3 40.Kg2 Rb8 41.h3 Bd6 42.Bd7 Kg7 43.Rc3 Ra8
44.Kf3 Ra3 45.Rxa3 Bxa3  1/2-1/2

[Event "Lugano op"]
[Site "Lugano"]
[Date "1988.??.??"]
[Round "?"]
[White "Seirawan, Yasser"]
[Black "Hort, Vlastimil"]
[Result "1/2-1/2"]
[WhiteElo "2595"]
[BlackElo "2590"]

1.d4 Nf6 2.c4 g6 3.Nc3 d5 4.cxd5 Nxd5 5.e4 Nxc3 6.bxc3 Bg7 7.Bc4 c5 8.Ne2 Nc6
9.Be3 O-O 10.O-O Bg4 11.f3 Na5 12.Bxf7+ Rxf7 13.fxg4 Rxf1+ 14.Kxf1 Qd6 15.Kg1 Qe6
16.Qd3 Qc4 17.Qxc4+ Nxc4 18.Bg5 cxd4 19.cxd4 e5 20.Rc1 b5 21.dxe5 Bxe5 22.Rd1 Rc8
23.Bf4 Bg7 24.Rd5 a6 25.Kf2 Re8 26.Kf3 Kf7 27.h4 Ne5+ 28.Bxe5 Rxe5 29.Rd3 b4
30.Nf4 Ra5 31.Rd7+ Kg8 32.Rd8+ Kf7 33.Rd7+ Kg8 34.Nd5 Rxa2 35.Nxb4 Ra1 36.Ra7 Rf1+
37.Ke3 Re1+ 38.Kf3 Rf1+ 39.Ke2 Rf4 40.Ra8+ Kf7 41.Ra7+ Kg8  1/2-1/2

[Event "UKR-ch"]
[Site "Lvov"]
[Date "1988.??.??"]
[Round "2"]
[White "Shneider, Aleksandr"]
[Black "Neverov, Valeriy"]
[Result "1/2-1/2"]
[WhiteElo "2465"]
[BlackElo "2440"]

1.d4 Nf6 2.c4 g6 3.Nc3 d5 4.cxd5 Nxd5 5.e4 Nxc3 6.bxc3 Bg7 7.Bc4 c5 8.Ne2 O-O
9.O-O Nc6 10.Be3 Bg4 11.f3 Na5 12.Bd3 cxd4 13.cxd4 Be6 14.Rc1 Bxa2 15.Qa4 Be6
16.d5 Bd7 17.Qb4 e6 18.Nc3 exd5 19.Nxd5 Be6 20.Rfd1 Bxd5 21.exd5 Re8 22.Bf4 Be5
23.Bxe5 Rxe5 24.Be4 Qb6+ 25.Qxb6 axb6 26.Rc7 Rd8 27.d6 Re6 28.d7 Kf8 29.Bxb7  1/2-1/2

[Event "UKR-ch"]
[Site "Lvov"]
[Date "1988.??.??"]
[Round "5"]
[White "Levin, Felix"]
[Black "Huzman, Alexander"]
[Result "1/2-1/2"]
[WhiteElo "2320"]
[BlackElo "2490"]

1.d4 Nf6 2.c4 g6 3.Nc3 d5 4.cxd5 Nxd5 5.e4 Nxc3 6.bxc3 Bg7 7.Nf3 c5 8.Be3 Nc6
9.Rc1 Qa5 10.Qd2 cxd4 11.cxd4 Qxd2+ 12.Kxd2 O-O 13.d5 Rd8 14.Ke1 Nb4 15.Bd2 Na6
16.Bxa6 bxa6 17.Ba5  1/2-1/2

[Event "Lyngby op"]
[Site "Lyngby"]
[Date "1988.??.??"]
[Round "1"]
[White "Tozer, Richard"]
[Black "Johansson, Lars Erik"]
[Result "1-0"]
[WhiteElo "2255"]
[BlackElo "2220"]

1.d4 Nf6 2.c4 g6 3.Nc3 d5 4.cxd5 Nxd5 5.e4 Nxc3 6.bxc3 Bg7 7.Bc4 c5 8.Ne2 O-O
9.O-O Nc6 10.Be3 Qc7 11.Rc1 Rd8 12.f4 Na5 13.Bd3 b6 14.f5 Bb7 15.Qe1 Rf8
16.Qh4 Qd7 17.Rf3 cxd4 18.Rh3 h5 19.cxd4 Nc6 20.Bc4 Na5 21.fxg6 Nxc4 22.Qxh5 fxg6
23.Qh7+ Kf7 24.Bh6 Qg4 25.Qxg7+ Ke6 26.Rxc4 Bxe4 27.Qe5+ Kf7 28.Qf4+ Qxf4
29.Bxf4 Ke6 30.Be5 g5 31.Re3 Kd5 32.Rc7 Bg6 33.Nc3+  1-0

[Event "Mazatlan rapid"]
[Site "Mazatlan"]
[Date "1988.??.??"]
[Round "?"]
[White "Gavrikov, Viktor"]
[Black "Kallai, Gabor"]
[Result "0-1"]
[WhiteElo "2545"]
[BlackElo "2450"]

1.d4 Nf6 2.c4 g6 3.Nc3 d5 4.cxd5 Nxd5 5.e4 Nxc3 6.bxc3 Bg7 7.Bc4 O-O 8.Ne2 c5
9.O-O Nc6 10.Be3 Bg4 11.f3 Na5 12.Bxf7+ Rxf7 13.fxg4 Rxf1+ 14.Kxf1 a6 15.e5 Qd5
16.Bf2 Rf8 17.g5 Qf7 18.Qe1 Qf5 19.h4 h6 20.Kg1 hxg5 21.hxg5 Qxg5 22.Ng3 cxd4
23.cxd4 Nc6 24.Rb1 b6 25.Qc1 Qxc1+ 26.Rxc1 Nb4 27.Rc7 Bh6 28.Rxe7 Nd3 29.Ne4 Nxf2
30.Nf6+ Rxf6 31.exf6 Ng4 32.Ra7 Be3+ 33.Kf1 Nxf6 34.Ke2 Bxd4 35.Kd3 Bg1 36.a4 Kf8
37.Ke2 Nd5 38.Kf3 Ne7 39.Ke4 Kf7 40.Ke5 Bh2+ 41.Ke4 Ke6 42.Kf3 Bd6 43.Ke4 Nc6
44.Ra8 Bb8 45.Rxa6 Bc7 46.Ra8 Nb8 47.Ra7 Kd6 48.Kf4 Kc6+ 49.Kg5 Nd7 50.Kxg6 Bb8
51.Ra8 Kb7 52.Rxb8+ Kxb8 53.Kf5 Kc7 54.g4 Kd6 55.g5 Ke7 56.g6 Kf8  0-1